| 000 -ლიდერი |
| ფიქსირებული სიგრძის საკონტროლო ველი |
01263nam a2200229Ia 4500 |
| 001 - საკონტროლო ნომერი |
| საკონტროლო ველი |
5820 |
| 003 - საკონტროლო ნომრის იდენტიფიკატორი |
| საკონტროლო ველი |
GE_BSU |
| 005 - ბოლო ოპერაციის თარიღი და დრო |
| საკონტროლო ველი |
20190510184232.0 |
| 008 - ფიქსირებული სიგრძის მონაცემთა ელემენტები - ზოგადი ინფორმაცია |
| ფიქსირებული სიგრძის საკონტროლო ველი |
181216s1982||||ge |||||||||||||| ||geo|| |
| 040 ## - კატალოგიზაციის წყარო |
| Transcribing agency |
GE_BSU |
| 041 ## - ენის კოდი |
| Language code of text/sound track or separate title |
geo |
| 080 ## - უნივერსალური ათობითი კლასიფიკაციის ინდექსი |
| Universal Decimal Classification number |
69(075.8) + 693.002.5 ს-24 |
| 245 ## - ცნობა სათაურის შესახებ |
| Title |
სამშენებლო წარმოების ტექნოლოგია : |
| Remainder of title |
სახელმძღვ. / |
| Statement of responsibility, etc |
ე. ვარენიკი, ი. კაპიტანოვი და სხვ. ; ე. ვარენიკის საერთო რედაქციით ; მთარგმნ. ი. შენგელია ; ქართ. თარგმნ. რედ. ო. კაციტაძე. |
| 264 ## - წარმოების, გამოცემის, დისტრიბუციის და სხვა ცნობები |
| გამოცემის, წარმოების, დისტრიბუციის... ადგილი |
თბილისი : |
| გამოცემის, წარმოების, დისტრიბუციის... სახელწოდება |
უნ-ტის გამ-ბა, |
| გამოცემის, წარმოების, დისტრიბუციის... თარიღი |
1982. |
| 300 ## - ფიზიკური აღწერა |
| Extent |
462 გვ. : |
| Other physical details |
ილ. ; |
| Dimensions |
20 სმ. |
| 504 ## - BIBLIOGRAPHY, ETC. NOTE |
| Bibliography, etc |
ბიბლიოგრ. : გვ.456-458. |
| 653 ## - INDEX TERM--UNCONTROLLED |
| Uncontrolled term |
სამშენებლო წარმოების ტექნოლოგია. |
| 700 ## - ADDED ENTRY--PERSONAL NAME |
| Personal name |
ვარენიკი, ე. |
| Relator term |
ავტორი |
| 9 (RLIN) |
998 |
| 700 ## - ADDED ENTRY--PERSONAL NAME |
| Personal name |
კაპიტანოვი, ი. |
| Relator term |
ავტორი |
| 9 (RLIN) |
999 |
| 700 ## - ADDED ENTRY--PERSONAL NAME |
| Personal name |
კაციტაძე. ო. |
| Relator term |
რედაქტორი |
| 9 (RLIN) |
806 |
| 942 ## - ADDED ENTRY ELEMENTS (KOHA) |
| Koha item type |
წიგნი |
| Source of classification or shelving scheme |
|